|
|
|
|
| LEADER |
00000cam a2200000 c 4500 |
| 001 |
1622209168 |
| 003 |
DE-627 |
| 005 |
20251225202437.0 |
| 007 |
tu |
| 008 |
940608s1994 xx ||||| 00| ||eng c |
| 020 |
|
|
|a 034058906X
|9 0-340-58906-X
|
| 035 |
|
|
|a (DE-627)1622209168
|
| 035 |
|
|
|a (DE-576)03939624X
|
| 035 |
|
|
|a (DE-599)BSZ03939624X
|
| 035 |
|
|
|a (OCoLC)30475388
|
| 035 |
|
|
|a (DE-604)8096647302
|
| 040 |
|
|
|a DE-627
|b ger
|c DE-627
|e rakwb
|
| 041 |
|
|
|a eng
|
| 082 |
0 |
|
|a 344.207
|
| 082 |
0 |
|
|a 347.42
|
| 084 |
|
|
|a PU 4378
|2 rvk
|0 (DE-625)rvk/140577:
|
| 100 |
1 |
|
|a Rozenberg, Joshua
|4 aut
|
| 245 |
1 |
4 |
|a The search for justice
|b an anatomy of the law
|c Joshua Rozenberg
|
| 264 |
|
1 |
|a London [u.a.]
|b Hodder & Stoughton
|c 1994
|
| 300 |
|
|
|a 404 S.
|
| 336 |
|
|
|a Text
|b txt
|2 rdacontent
|
| 337 |
|
|
|a ohne Hilfsmittel zu benutzen
|b n
|2 rdamedia
|
| 338 |
|
|
|a Band
|b nc
|2 rdacarrier
|
| 689 |
0 |
0 |
|d g
|0 (DE-588)4022153-2
|0 (DE-627)104665513
|0 (DE-576)208942076
|a Großbritannien
|2 gnd
|
| 689 |
0 |
1 |
|d s
|0 (DE-588)4139924-9
|0 (DE-627)105631760
|0 (DE-576)209698454
|a Rechtssystem
|2 gnd
|
| 689 |
0 |
|
|5 (DE-627)
|
| 936 |
r |
v |
|a PU 4378
|b Gerichtsverfassung, Zivilprozess, Zwangsvollstreckung, Konkurs, Supreme Court Practice, Forms of Actions, Evidence, Arbitration, Barristers and Solicitors
|k Rechtswissenschaft
|k Ausländisches Privatrecht, Privatrechtsvergleichung und -vereinheitlichung
|k Einzelne Länder
|k Großbritannien
|k Gerichtsverfassung, Zivilprozess, Zwangsvollstreckung, Konkurs, Supreme Court Practice, Forms of Actions, Evidence, Arbitration, Barristers and Solicitors
|0 (DE-627)1270715445
|0 (DE-625)rvk/140577:
|0 (DE-576)200715445
|
| 951 |
|
|
|a BO
|
| ELC |
|
|
|b 1
|
| LOK |
|
|
|0 000 xxxxxcx a22 zn 4500
|
| LOK |
|
|
|0 001 3244475523
|
| LOK |
|
|
|0 003 DE-627
|
| LOK |
|
|
|0 004 1622209168
|
| LOK |
|
|
|0 005 19960129000000
|
| LOK |
|
|
|0 008 950629||||||||||||||||ger|||||||
|
| LOK |
|
|
|0 040
|a DE-21
|c DE-627
|d DE-21
|
| LOK |
|
|
|0 852
|a DE-21
|
| LOK |
|
|
|0 852 1
|c KB 19 A 3109
|9 00
|
| LOK |
|
|
|0 935
|a krim
|
| LOK |
|
|
|0 936ln
|a k5.7
|
| LOK |
|
|
|0 939
|a 29-06-95
|b l01
|
| ORI |
|
|
|a SA-MARC-krimdoka001.raw
|
| SIG |
|
|
|a UB: KB 19 A 3109
|
| TIM |
|
|
|a 100017070101_100020261231
|b 1707 - 2026
|